Number 1 to 10 ( K1 Mathematics). (Record no. 115162)
[ view plain ]
| 000 -LEADER | |
|---|---|
| fixed length control field | 00481nam a2200169 a 4500 |
| 005 - DATE AND TIME OF LATEST TRANSACTION | |
| control field | 20140414132124.0 |
| 008 - FIXED-LENGTH DATA ELEMENTS--GENERAL INFORMATION | |
| fixed length control field | 130222s19uu xx 00 eng d |
| 020 ## - INTERNATIONAL STANDARD BOOK NUMBER | |
| International Standard Book Number | 9789810713515 |
| 050 ## - LIBRARY OF CONGRESS CALL NUMBER | |
| Classification number | TR 372.4 |
| Item number | Nu971 2010 |
| 245 ## - TITLE STATEMENT | |
| Title | Number 1 to 10 ( K1 Mathematics). |
| 260 ## - PUBLICATION, DISTRIBUTION, ETC. (IMPRINT) | |
| Place of publication, distribution, etc | Singapore : |
| Name of publisher, distributor, etc | Scholastci,Inc, |
| Date of publication, distribution, etc | 2010. |
| 300 ## - PHYSICAL DESCRIPTION | |
| Extent | 77 |
| 440 ## - SERIES STATEMENT/ADDED ENTRY--TITLE | |
| Title | Learning express |
| 500 ## - GENERAL NOTE | |
| General note | includes teacher-approved activities; |
| 650 ## - SUBJECT ADDED ENTRY--TOPICAL TERM | |
| Topical term or geographic name as entry element | Mathematics- |
| General subdivision | activity book. |
| Withdrawn status | Lost status | Damaged status | Use restrictions | Home library | Current library | Shelving location | Date acquired | Source of acquisition | Cost, normal purchase price | Total Checkouts | Full call number | Barcode | Date last seen | Price effective from | Koha item type |
|---|---|---|---|---|---|---|---|---|---|---|---|---|---|---|---|
| Munich Library | Munich Library | Teachers Reference Section | 02/22/2013 | 199.00 | TR 372.4 Nu971 2010 | M7167 | 04/14/2014 | 04/14/2014 | Books |